[Event "BL 1112 SG Solingen - SV Wattenscheid"]
[Site "?"]
[Date "2012.02.04"]
[Round "8.8"]
[White "Andersen, Mads"]
[Black "Dinstuhl, Volkmar Dr"]
[Result "1-0"]
[WhiteElo "2398"]
[BlackElo "2408"]
[PlyCount "129"]
[EventDate "2012.??.??"]

1. d4 d5 2. c4 dxc4 3. e4 Nf6 4. e5 Nd5 5. Bxc4 Nb6 6. Bd3 Nc6 7. Be3 Nb4 8.
Be4 f5 9. exf6 exf6 10. Nc3 f5 11. Bb1 N4d5 12. Nf3 Be7 13. Ne5 O-O 14. O-O Be6
15. Qf3 Nxe3 16. fxe3 Nd5 17. Nxd5 Bxd5 18. Qh5 Bg5 19. Bxf5 Bxe3+ 20. Kh1 Bh6
21. Nd7 Re8 22. Bxh7+ Kxh7 23. Qf5+ Kh8 24. Qxd5 c6 25. Qf5 Qh4 26. Ne5 Qxd4
27. Nf7+ Kg8 28. Nxh6+ gxh6 29. Qf7+ Kh8 30. Rf6 Qe3 31. Raf1 Rg8 32. Qh5 Kh7
33. Qf5+ Kh8 34. Rf7 Rg7 35. Rxg7 Kxg7 36. Qf6+ Kh7 37. Rd1 Kg8 38. Qg6+ Kh8
39. Qf6+ Kg8 40. Qg6+ Kh8 41. h3 Rf8 42. Qd6 Kg7 43. Qb4 Rf7 44. Qg4+ Kh7 45.
Qc4 Kg7 46. b4 a6 47. a4 Qe5 48. Qb3 Kg6 49. Qc2+ Kg7 50. Qd2 Rf4 51. Re1 Re4
52. Qd7+ Kf6 53. Qd8+ Kg7 54. Qd7+ Kf6 55. Rf1+ Rf4 56. Rd1 Qe7 57. Qc8 Rf5 58.
Qh8+ Kg6 59. Rd3 Qf6 60. Qg8+ Qg7 61. Rd6+ Rf6 62. Rxf6+ Kxf6 63. Qxg7+ Kxg7
64. a5 Kf6 65. g4 1-0

[Event "BL 1112 SC Remagen - Hansa Dortmund"]
[Site "?"]
[Date "2012.02.04"]
[Round "8.1"]
[White "Berg, Emanuel"]
[Black "Fedorchuk, Sergey"]
[Result "1-0"]
[WhiteElo "2575"]
[BlackElo "2635"]
[PlyCount "65"]
[EventDate "2012.??.??"]

1. e4 e5 2. Nf3 Nc6 3. Bb5 a6 4. Ba4 d6 5. Bxc6+ bxc6 6. d4 exd4 7. Qxd4 c5 8.
Qd3 Bb7 9. Nc3 Nf6 10. O-O Be7 11. Bf4 O-O 12. Rfe1 Re8 13. Rad1 Qc8 14. h3 Bf8
15. e5 c4 16. Qxc4 Bxf3 17. gxf3 dxe5 18. Bxe5 Qxh3 19. Bxf6 gxf6 20. Qc6 Rxe1+
21. Rxe1 Rb8 22. Ne4 Rb6 23. Qxc7 Re6 24. Re3 Qh6 25. Qg3+ Kh8 26. c4 Be7 27.
Qb8+ Bf8 28. f4 f5 29. Ng5 Rg6 30. Kf1 Qg7 31. Re7 Rf6 32. Re8 Kg8 33. Rxf8+
1-0

[Event "BL 1112 SC Remagen - Hansa Dortmund"]
[Site "?"]
[Date "2012.02.04"]
[Round "8.4"]
[White "Goloshchapov, Alexander"]
[Black "Mainka, Romuald"]
[Result "1-0"]
[WhiteElo "2580"]
[BlackElo "2488"]
[PlyCount "79"]
[EventDate "2012.??.??"]

1. e4 e5 2. Nf3 Nc6 3. Bb5 Nf6 4. d3 d6 5. O-O Be7 6. Re1 O-O 7. c3 Bd7 8. Nbd2
h6 9. Nf1 Re8 10. a4 Bf8 11. h3 a6 12. Bc4 Be6 13. Bxe6 Rxe6 14. c4 a5 15. Bd2
Nd7 16. Bc3 Nc5 17. Ng3 Re8 18. d4 exd4 19. Nxd4 Nxd4 20. Bxd4 Qg5 21. Ra3 Re6
22. Rae3 Rae8 23. Qc2 Rg6 24. Rf3 Ne6 25. Be3 Qd8 26. Rf5 b6 27. Rd5 Ng5 28.
Kh2 Rge6 29. Bc1 c6 30. Rdd1 Nh7 31. f4 g6 32. b3 Qh4 33. Qf2 Nf6 34. Qf3 h5
35. Kg1 Nd7 36. Be3 Rf6 37. Nf5 gxf5 38. Bf2 fxe4 39. Bxh4 exf3 40. Rxe8 1-0

[Event "BL 1112 SC Remagen - Hansa Dortmund"]
[Site "?"]
[Date "2012.02.04"]
[Round "8.5"]
[White "Schmittdiel, Eckhard"]
[Black "Dgebuadze, Alexandre"]
[Result "1/2-1/2"]
[WhiteElo "2466"]
[BlackElo "2544"]
[PlyCount "66"]
[EventDate "2012.??.??"]

1. e4 e6 2. d4 d5 3. Nc3 Bb4 4. e5 Ne7 5. a3 Bxc3+ 6. bxc3 c5 7. a4 Qa5 8. Bd2
Qc7 9. Nf3 Nbc6 10. Bd3 Bd7 11. O-O c4 12. Be2 f6 13. Bf4 O-O 14. exf6 Qxf4 15.
fxe7 Rf7 16. Qd2 Qxd2 17. Nxd2 Rxe7 18. f4 Be8 19. Bg4 Bg6 20. Rfe1 Rae8 21.
Rac1 Bf5 22. Bf3 h6 23. Nf1 Rf8 24. Ne3 Bh7 25. g3 g5 26. Ng2 Bf5 27. fxg5 hxg5
28. Ne3 Bg6 29. Bg2 Kg7 30. Re2 Bh5 31. g4 Bg6 32. Rce1 Rfe8 33. h3 Kf8 1/2-1/2

[Event "BL 1112 SC Remagen - Hansa Dortmund"]
[Site "?"]
[Date "2012.02.04"]
[Round "8.8"]
[White "Teske, Henrik"]
[Black "Bluebaum, Matthias"]
[Result "1-0"]
[WhiteElo "2547"]
[BlackElo "2388"]
[PlyCount "71"]
[EventDate "2012.??.??"]

1. Nf3 d5 2. c4 c6 3. d4 Nf6 4. Nc3 dxc4 5. a4 Bf5 6. Ne5 Nbd7 7. Nxc4 Qc7 8.
g3 e5 9. dxe5 Nxe5 10. Bf4 Nfd7 11. Bg2 g5 12. Ne3 gxf4 13. Nxf5 O-O-O 14. O-O
fxg3 15. hxg3 Kb8 16. Qd4 Nc5 17. Qh4 Ng6 18. Qf6 Nb3 19. Rad1 Bb4 20. Ne4 Nd2
21. Nxd2 Bxd2 22. Bf3 Qe5 23. Qxe5+ Nxe5 24. Kg2 f6 25. Rh1 Rd7 26. Be4 Rhd8
27. f4 Ng6 28. Kf3 Kc7 29. Bd3 Bb4 30. Rh5 Re8 31. Rdh1 Nf8 32. Rh6 Bc5 33.
Rxf6 Ng6 34. Bc4 Red8 35. Be6 Be7 36. Rf7 1-0

[Event "BL 1112 USV TU Dresden - SC Eppingen"]
[Site "Meißen"]
[Date "2012.02.04"]
[Round "8.4"]
[White "Tischbierek, Raj"]
[Black "Gyimesi, Zoltan"]
[Result "1/2-1/2"]
[WhiteElo "2454"]
[BlackElo "2646"]
[PlyCount "114"]
[EventDate "2012.??.??"]

1. e4 e5 2. Bc4 Nf6 3. d3 Nc6 4. Nc3 Na5 5. Qf3 d6 6. h3 c6 7. Nge2 b5 8. Bb3
Be7 9. Ng3 O-O 10. Nf5 Ne8 11. g4 Nc7 12. Bd2 Nb7 13. Ne2 Bg5 14. Bxg5 Qxg5 15.
Qe3 Qxe3 16. fxe3 Bd7 17. O-O Rae8 18. c3 Be6 19. Neg3 g6 20. Nh4 a5 21. d4 a4
22. Bxe6 Nxe6 23. Nf3 f6 24. Nd2 c5 25. d5 Nc7 26. c4 Na5 27. Rac1 Rb8 28. Rf2
Na6 29. cxb5 Nb4 30. Rcf1 Rxb5 31. Rxf6 Rxf6 32. Rxf6 Nxa2 33. Rxd6 Rxb2 34.
Nf3 a3 35. Rd8+ Kg7 36. Ng5 Kf6 37. Nxh7+ Ke7 38. Ra8 Nc4 39. Ra7+ Kd8 40. Nf8
Rd2 41. h4 Nb4 42. h5 Nxe3 43. Ne6+ Kc8 44. Rxa3 Nd3 45. Rxd3 Rxd3 46. hxg6
Nxg4 47. Nf5 c4 48. g7 Nf6 49. Nd6+ Kd7 50. Nxc4 Rg3+ 51. Kh2 Nxe4 52. Nxe5+
Kd6 53. Ng5 Rxg5 54. Nf7+ Kxd5 55. Nxg5 Nf6 56. Kg3 Nh5+ 57. Kh4 Nxg7 1/2-1/2

[Event "BL 1112 USV TU Dresden - SC Eppingen"]
[Site "Meißen"]
[Date "2012.02.04"]
[Round "8.5"]
[White "Bindrich, Falko"]
[Black "Uhlmann, Wolfgang"]
[Result "1-0"]
[WhiteElo "2548"]
[BlackElo "2379"]
[PlyCount "71"]
[EventDate "2012.??.??"]

1. d4 Nf6 2. c4 g6 3. g3 Bg7 4. Bg2 c5 5. Nf3 cxd4 6. Nxd4 Nc6 7. O-O O-O 8.
Nc3 Nxd4 9. Qxd4 d6 10. Qd2 a6 11. b3 Rb8 12. a4 b5 13. axb5 axb5 14. cxb5 Bd7
15. Bb2 Bxb5 16. Nxb5 Rxb5 17. b4 d5 18. Ra5 Qd7 19. Bxf6 Bxf6 20. Bxd5 e6 21.
Rxb5 Qxb5 22. Be4 Be7 23. Rb1 Rb8 24. Qf4 Bxb4 25. h4 Qb6 26. h5 Qd6 27. Qg5 e5
28. Kg2 Qd4 29. f3 Rb6 30. h6 Bc5 31. Rc1 Re6 32. Kh3 f6 33. Qg4 Re8 34. Rxc5
Qg1 35. f4 f5 36. Bd5+ 1-0

[Event "BL 1112 USV TU Dresden - SC Eppingen"]
[Site "Meißen"]
[Date "2012.02.04"]
[Round "8.6"]
[White "Gauglitz, Gernot"]
[Black "Ruck, Robert"]
[Result "0-1"]
[WhiteElo "2406"]
[BlackElo "2579"]
[PlyCount "128"]
[EventDate "2012.??.??"]

1. Nf3 Nf6 2. c4 c5 3. g3 d5 4. cxd5 Nxd5 5. Bg2 Nc6 6. d4 cxd4 7. Nxd4 Ndb4 8.
Nxc6 Qxd1+ 9. Kxd1 Nxc6 10. Nc3 Bd7 11. Bd2 O-O-O 12. Rc1 e5 13. Ke1 Kb8 14. f4
f6 15. Be3 Nd4 16. Rf1 Nf5 17. Bg1 exf4 18. gxf4 Bd6 19. Rd1 Rhe8 20. Be4 b6
21. Rf3 Bc8 22. Rfd3 Bc7 23. Rxd8 Bxd8 24. Bc6 Rf8 25. Bf2 Ne7 26. Bd7 Bc7 27.
Bxc8 Kxc8 28. Nb5 Nc6 29. Rc1 Kd7 30. Nxc7 Kxc7 31. f5 Re8 32. Bg3+ Kb7 33. Rc4
Re7 34. Kf2 Rd7 35. Bf4 Ne7 36. e4 g6 37. fxg6 hxg6 38. Ke3 Nc6 39. Rc1 Re7 40.
a4 g5 41. Bd6 Re6 42. Bf8 f5 43. Rc4 f4+ 44. Kf2 Ne5 45. Rd4 Ng4+ 46. Kg2 Rf6
47. Be7 f3+ 48. Kg3 f2 49. Rd1 Ne3 50. Bxf6 Nxd1 51. Kg2 Ne3+ 52. Kxf2 Ng4+ 53.
Kf3 Nxf6 54. e5 Nh7 55. Ke4 Kc6 56. Kf5 Kd5 57. h3 Nf8 58. Kxg5 Kxe5 59. h4 a6
60. b4 a5 61. bxa5 bxa5 62. h5 Ke6 63. h6 Kf7 64. Kf5 Nd7 0-1

[Event "BL 1112 USV TU Dresden - SC Eppingen"]
[Site "Meißen"]
[Date "2012.02.04"]
[Round "8.7"]
[White "Medvegy, Zoltan"]
[Black "Wegener, Dirk"]
[Result "1-0"]
[WhiteElo "2531"]
[BlackElo "2364"]
[PlyCount "147"]
[EventDate "2012.??.??"]

1. d4 Nf6 2. c4 g6 3. Nc3 Bg7 4. e4 d6 5. Be2 O-O 6. Nf3 e5 7. Be3 Ng4 8. Bg5
f6 9. Bc1 Na6 10. h3 Nh6 11. O-O Qe8 12. Re1 Nf7 13. dxe5 dxe5 14. Rb1 c6 15.
b4 Nc7 16. c5 Bh6 17. Bc4 Bxc1 18. Qxc1 Be6 19. Bf1 Qe7 20. Qe3 a6 21. a4 Rfd8
22. Red1 Rxd1 23. Rxd1 Rd8 24. Rb1 Rd7 25. Be2 Kg7 26. Rb2 Nd8 27. a5 Nb5 28.
Na4 Nd4 29. Ne1 Nf7 30. Nb6 Rd8 31. Bf1 f5 32. exf5 gxf5 33. f4 exf4 34. Qxf4
Qg5 35. Nd3 Qxf4 36. Nxf4 Ng5 37. Kf2 Ne4+ 38. Ke3 Kf6 39. Bd3 Ke5 40. Nxe6
Nxe6 41. Nc4+ Kd5 42. Bxe4+ Kxc4 43. Bxf5 Re8 44. Bxe6+ Rxe6+ 45. Kf4 Kc3 46.
Kf5 Rg6 47. Re2 Kxb4 48. g4 Rh6 49. Rh2 Kxc5 50. h4 Kd6 51. g5 Rg6 52. Rd2+ Kc7
53. h5 Rg8 54. Kf6 c5 55. Re2 b5 56. axb6+ Kxb6 57. Re6+ Kb5 58. Re7 Rf8+ 59.
Kg7 Rf5 60. Kh6 c4 61. Rxh7 c3 62. Re7 c2 63. Re1 Kc4 64. g6 Kc3 65. g7 Rf6+
66. Kh7 Rf7 67. Kg6 Rxg7+ 68. Kxg7 Kd2 69. Ra1 c1=Q 70. Rxc1 Kxc1 71. h6 a5 72.
h7 a4 73. h8=Q a3 74. Qc8+ 1-0

[Event "BL 1112 USV TU Dresden - SC Eppingen"]
[Site "Meißen"]
[Date "2012.02.04"]
[Round "8.8"]
[White "Hoffmann, Paul"]
[Black "Vogt, Lothar"]
[Result "1-0"]
[WhiteElo "2317"]
[BlackElo "2410"]
[PlyCount "37"]
[EventDate "2012.??.??"]

1. e4 c5 2. Nf3 Nc6 3. c3 d5 4. exd5 Qxd5 5. d4 e6 6. Be3 cxd4 7. cxd4 Nf6 8.
Be2 Be7 9. O-O O-O 10. Nc3 Qd6 11. a3 b6 12. Qb1 Bb7 13. Rd1 Rfd8 14. Ng5 h6
15. Nh3 Rac8 16. Nf4 e5 17. dxe5 Qxe5 18. Qa2 Na5 19. Ng6 1-0

[Event "BL 1112 SK König Tegel - SV Hockenheim"]
[Site "Meißen"]
[Date "2012.02.04"]
[Round "8.1"]
[White "Buhmann, Rainer"]
[Black "Rabiega, Robert"]
[Result "1/2-1/2"]
[WhiteElo "2606"]
[BlackElo "2501"]
[PlyCount "47"]
[EventDate "2012.??.??"]

1. Nf3 d5 2. d4 Nf6 3. c4 dxc4 4. e3 Bg4 5. Bxc4 e6 6. h3 Bh5 7. O-O Nbd7 8.
Be2 Bd6 9. Nbd2 O-O 10. Nc4 Nb6 11. Nfe5 Bxe2 12. Qxe2 Nxc4 13. Nxc4 Ne4 14. b3
f5 15. Bb2 c6 16. Rfd1 Bc7 17. Ne5 Qe7 18. a4 Bd6 19. Nc4 Bb4 20. Qc2 a5 21.
Ba3 Rad8 22. f3 Nf6 23. Re1 Nd5 24. Bxb4 1/2-1/2

[Event "BL 1112 SK König Tegel - SV Hockenheim"]
[Site "Meißen"]
[Date "2012.02.04"]
[Round "8.2"]
[White "Stern, Rene"]
[Black "Lenic, Luka"]
[Result "0-1"]
[WhiteElo "2506"]
[BlackElo "2641"]
[PlyCount "70"]
[EventDate "2012.??.??"]

1. d4 Nf6 2. c4 e6 3. Nf3 Bb4+ 4. Nbd2 O-O 5. a3 Bxd2+ 6. Qxd2 b6 7. e3 Bb7 8.
b4 d6 9. Bb2 Nbd7 10. Be2 Qe7 11. O-O e5 12. d5 Rfd8 13. Qc2 c6 14. dxc6 Bxc6
15. Rfd1 Rac8 16. Qb3 Qe6 17. Nd2 Nf8 18. f3 h5 19. Bf1 h4 20. a4 Ng6 21. a5 d5
22. axb6 axb6 23. b5 dxc4 24. Nxc4 Rxd1 25. Qxd1 Bxb5 26. Nd6 Rd8 27. Bxb5 Qxd6
28. Qb3 h3 29. Be2 Qd2 30. Kf2 Rd6 31. Ra8+ Kh7 32. gxh3 Ne4+ 33. Kf1 Rf6 34.
Qd1 Rxf3+ 35. Kg1 Qxe3+ 0-1

[Event "BL 1112 SK König Tegel - SV Hockenheim"]
[Site "Meißen"]
[Date "2012.02.04"]
[Round "8.3"]
[White "Baramidze, David"]
[Black "Richter, Michael"]
[Result "1/2-1/2"]
[WhiteElo "2591"]
[BlackElo "2484"]
[PlyCount "96"]
[EventDate "2012.??.??"]

1. e4 e6 2. d4 d5 3. Nc3 Nf6 4. e5 Nfd7 5. f4 c5 6. Nce2 Nc6 7. c3 Qb6 8. Nf3
Be7 9. g3 O-O 10. Bh3 cxd4 11. cxd4 f6 12. Bxe6+ Kh8 13. exf6 Nxf6 14. Bxc8
Raxc8 15. O-O Bd6 16. Qb3 Qxb3 17. axb3 Bc7 18. Bd2 Bb6 19. Bc3 Rce8 20. Rae1
Ng4 21. h3 Ne3 22. Rf2 Nf5 23. Rd1 Nd6 24. Rd3 Kg8 25. g4 g6 26. Kg2 Ne4 27.
Rf1 Nxc3 28. Nxc3 Nb4 29. Rdd1 Rxf4 30. Rde1 Rff8 31. g5 Nc2 32. Rxe8 Rxe8 33.
Nxd5 Ne3+ 34. Nxe3 Rxe3 35. Ne5 Bxd4 36. Ng4 Re2+ 37. Kf3 Re7 38. Nh6+ Kf8 39.
Rd1 Bg7 40. Rd8+ Re8 41. Rd7 Bxh6 42. gxh6 Re7 43. Rd8+ Kf7 44. h4 Ke6 45. Kg4
Rd7 46. Re8+ Kf6 47. Rf8+ Ke6 48. Re8+ Kf6 1/2-1/2

[Event "BL 1112 SK König Tegel - SV Hockenheim"]
[Site "Meißen"]
[Date "2012.02.04"]
[Round "8.4"]
[White "Muse, Mladen"]
[Black "Miroshnichenko, Evgenij"]
[Result "1-0"]
[WhiteElo "2443"]
[BlackElo "2624"]
[PlyCount "89"]
[EventDate "2012.??.??"]

1. d4 Nf6 2. Nf3 g6 3. Bg5 Bg7 4. e3 h6 5. Bh4 d6 6. Be2 g5 7. Bg3 Ne4 8. Nfd2
Nxg3 9. hxg3 c5 10. c3 Nd7 11. a4 d5 12. Na3 e6 13. f4 a6 14. b4 cxb4 15. cxb4
Qe7 16. Nc2 f5 17. Nf3 g4 18. Ne5 Nxe5 19. dxe5 Bd7 20. Qd2 h5 21. Rh4 Bf8 22.
Kf2 Kf7 23. a5 Kg7 24. Nd4 Qe8 25. Bd3 Be7 26. Rhh1 Rc8 27. Rac1 Rxc1 28. Rxc1
h4 29. gxh4 Bxh4+ 30. Ke2 Bd8 31. Qc3 Rh2 32. Rg1 Kf7 33. Qc5 Qe7 34. Qc3 Qh4
35. Qc5 Qg3 36. Kd2 Rxg2+ 37. Rxg2 Qxg2+ 38. Kc3 Be7 39. Qc7 Bc6 40. Qc8 Bxb4+
41. Kb3 Be7 42. Qxe6+ Ke8 43. Bxf5 Qd2 44. Qc8+ Kf7 45. Be6+ 1-0

[Event "BL 1112 SK König Tegel - SV Hockenheim"]
[Site "Meißen"]
[Date "2012.02.04"]
[Round "8.5"]
[White "Neubauer, Martin"]
[Black "Von Herman, Ulf"]
[Result "1/2-1/2"]
[WhiteElo "2431"]
[BlackElo "2419"]
[PlyCount "55"]
[EventDate "2012.??.??"]

1. d4 Nf6 2. c4 e6 3. Nc3 d5 4. Bg5 Be7 5. e3 h6 6. Bh4 O-O 7. Nf3 Ne4 8. Bxe7
Qxe7 9. Rc1 c6 10. Bd3 Nxc3 11. Rxc3 dxc4 12. Bxc4 Nd7 13. O-O b6 14. Qe2 Bb7
15. Ba6 Bxa6 16. Qxa6 c5 17. dxc5 Nxc5 18. Qc4 Qb7 19. Rfc1 Rfd8 20. h3 Rd5 21.
b4 Ne4 22. Qc6 Qxc6 23. Rxc6 Rad8 24. Kf1 Nd2+ 25. Ke2 Nxf3 26. Kxf3 Kf8 27.
Rc7 R5d7 28. a3 1/2-1/2

[Event "BL 1112 SK König Tegel - SV Hockenheim"]
[Site "Meißen"]
[Date "2012.02.04"]
[Round "8.7"]
[White "Paehtz, Elisabeth"]
[Black "Fruebing, Stefan"]
[Result "1/2-1/2"]
[WhiteElo "2461"]
[BlackElo "2373"]
[PlyCount "85"]
[EventDate "2012.??.??"]

1. Nf3 Nf6 2. d4 g6 3. c4 Bg7 4. g3 O-O 5. Bg2 d6 6. O-O Nc6 7. Nc3 a6 8. b3
Rb8 9. Nd5 Nh5 10. Bb2 e6 11. Nc3 b5 12. Rb1 Bd7 13. e3 Nf6 14. Qe2 b4 15. Nd1
Re8 16. Ne1 e5 17. d5 Ne7 18. e4 c6 19. Ne3 cxd5 20. cxd5 Bb5 21. Nc4 Nd7 22.
a4 bxa3 23. Bxa3 Nb6 24. Nf3 Qd7 25. Qa2 Bxc4 26. bxc4 Qa4 27. Rb4 Qa5 28. Rfb1
Nd7 29. Rxb8 Rxb8 30. Rxb8+ Nxb8 31. Qb3 Qc7 32. Bh3 Nd7 33. Bxd7 Qxd7 34. Qb8+
Nc8 35. c5 dxc5 36. Nxe5 Qe8 37. Nc4 Bf8 38. e5 Qa4 39. d6 Qd1+ 40. Kg2 Qd5+
41. Kg1 Qd1+ 42. Kg2 Qd5+ 43. Kg1 1/2-1/2

[Event "BL 1112 SK König Tegel - SV Hockenheim"]
[Site "Meißen"]
[Date "2012.02.04"]
[Round "8.8"]
[White "Sarbok, Torsten"]
[Black "Rau, Hannes"]
[Result "1-0"]
[WhiteElo "2349"]
[BlackElo "2464"]
[PlyCount "130"]
[EventDate "2012.??.??"]

1. e4 c5 2. Nf3 Nc6 3. d4 cxd4 4. Nxd4 Nf6 5. f3 e5 6. Nb5 d6 7. c4 a6 8. N5c3
Be7 9. Be3 O-O 10. Be2 Be6 11. O-O Nd7 12. Nd5 Bg5 13. Bf2 f5 14. exf5 Bxf5 15.
Nbc3 Nc5 16. b4 Ne6 17. Bd3 g6 18. Be4 Ncd4 19. Ne3 Bxe4 20. Nxe4 Rc8 21. Rc1
b5 22. c5 dxc5 23. bxc5 Bxe3 24. Bxe3 Qd5 25. Bh6 Rf5 26. Nd6 Rxc5 27. Nxf5
gxf5 28. Rxc5 Nxc5 29. Qe1 Nce6 30. Qh4 Qd8 31. Qg3+ Kf7 32. Qxe5 Qf6 33. Qxf6+
Kxf6 34. Kf2 Ke5 35. Rc1 a5 36. Bd2 b4 37. g4 fxg4 38. fxg4 Ke4 39. Be3 Kd3 40.
Bxd4 Kxd4 41. Rc6 Nc5 42. Ke2 Ne4 43. Kd1 Nf2+ 44. Kc1 Nxg4 45. h3 Nf2 46. Rh6
a4 47. Rxh7 b3 48. axb3 axb3 49. h4 Ke5 50. Rg7 Kf6 51. Rg1 Nd3+ 52. Kb1 Nf4
53. Rf1 Ke5 54. Kb2 Nh5 55. Kxb3 Ng7 56. Rg1 Kf6 57. Kc3 Kf7 58. Kd3 Kg8 59.
Ke4 Kh7 60. Kf4 Kh6 61. Kg4 Ne8 62. Rf1 Kg6 63. h5+ Kh6 64. Rf8 Nc7 65. Rf6+
Kg7 1-0

[Event "BL 1112 SV Mülheim Nord - Werder Bremen"]
[Site "?"]
[Date "2012.02.05"]
[Round "9.6"]
[White "Landa, Konstantin"]
[Black "Hracek, Zbynek"]
[Result "1/2-1/2"]
[WhiteElo "2639"]
[BlackElo "2624"]
[PlyCount "63"]
[EventDate "2012.??.??"]

1. d4 d5 2. c4 c6 3. cxd5 cxd5 4. Bf4 Nf6 5. Nc3 a6 6. e3 Nc6 7. Bd3 Bg4 8.
Nge2 e6 9. Rc1 Bd6 10. f3 Bh5 11. Na4 Bg6 12. O-O O-O 13. Nc5 Bxf4 14. Nxf4 Qb6
15. Rf2 Rfd8 16. Rc3 Rab8 17. Qa4 Ne7 18. Rfc2 Qa7 19. Bxg6 hxg6 20. Nfd3 Ne8
21. Ne5 f6 22. Nxe6 fxe5 23. Nxd8 Rxd8 24. dxe5 Nc6 25. Rd2 Nxe5 26. Rxd5 Rxd5
27. Qxe8+ Kh7 28. Qe6 Rc5 29. Qh3+ Kg8 30. Qe6+ Kh7 31. Qh3+ Kg8 32. Qe6+
1/2-1/2

[Event "BL 1112 SV Mülheim Nord - Werder Bremen"]
[Site "?"]
[Date "2012.02.05"]
[Round "9.7"]
[White "Rapport, Richard"]
[Black "Tregubov, Pavel V"]
[Result "1/2-1/2"]
[WhiteElo "2547"]
[BlackElo "2602"]
[PlyCount "104"]
[EventDate "2012.??.??"]

1. Nf3 c5 2. c4 Nc6 3. Nc3 Nf6 4. g3 d5 5. d4 cxd4 6. Nxd4 e6 7. cxd5 Nxd5 8.
Bg2 Ndb4 9. Nxc6 Qxd1+ 10. Kxd1 bxc6 11. Bd2 Be7 12. a3 Nd5 13. Kc2 Ba6 14. e4
Nb6 15. Bf1 Bxf1 16. Rhxf1 O-O-O 17. Rad1 h5 18. h3 Nc4 19. Bc1 f5 20. h4 Bf6
21. exf5 exf5 22. Ne2 Ne5 23. Nd4 g6 24. Bf4 Rd5 25. b4 c5 26. Ne6 Rxd1 27.
Rxd1 cxb4 28. axb4 Re8 29. Nc5 Rd8 30. Rc1 Rd4 31. Re1 Rd5 32. Kb3 Kd8 33. Ka4
Nd3 34. Nxd3 Rxd3 35. Re6 Be7 36. Be3 Rd6 37. Rxd6+ Bxd6 38. Ka5 f4 39. Bxf4
Bxf4 40. gxf4 Kc7 41. Kb5 Kd6 42. Kc4 Ke6 43. Kc5 Kf5 44. Kb5 Kxf4 45. Ka6 g5
46. hxg5 Kxg5 47. b5 h4 48. Kxa7 h3 49. b6 h2 50. b7 h1=Q 51. f4+ Kf5 52. b8=Q
Qa1+ 1/2-1/2

[Event "BL 1112 SV Mülheim Nord - Werder Bremen"]
[Site "?"]
[Date "2012.02.05"]
[Round "9.8"]
[White "Feygin, Michael"]
[Black "Babula, Vlastimil"]
[Result "1/2-1/2"]
[WhiteElo "2521"]
[BlackElo "2572"]
[PlyCount "124"]
[EventDate "2012.??.??"]

1. e4 c5 2. Nf3 d6 3. d4 cxd4 4. Nxd4 Nf6 5. Nc3 e6 6. Bc4 Be7 7. a4 O-O 8. Ba2
Nc6 9. O-O Nxd4 10. Qxd4 b6 11. Bg5 Bb7 12. Rad1 Qc7 13. Rfe1 Rfd8 14. Nb5 Qc6
15. Rd3 Qxc2 16. Rc3 Qxb2 17. Bb1 Kf8 18. Qd1 a6 19. Re2 Qb4 20. Rb3 Qxa4 21.
Ra2 Qc4 22. Bd3 Qc5 23. Be3 Qh5 24. Be2 Qg6 25. Bxb6 axb5 26. Rg3 Qh6 27. Be3
Qh4 28. Rxa8 Bxa8 29. f3 Nxe4 30. fxe4 Qxe4 31. Bd4 e5 32. Bb6 Rc8 33. Bg4 Rc2
34. Bf3 Qc4 35. Be3 d5 36. h3 f5 37. Qa1 Qc8 38. Qxe5 Bf6 39. Qd6+ Be7 40. Qe5
Bf6 41. Qd6+ Kf7 42. Bxd5+ Bxd5 43. Qxd5+ Qe6 44. Qb7+ Kg8 45. Qb8+ Rc8 46.
Qxb5 h5 47. Rf3 Rc3 48. Ba7 Rc1+ 49. Rf1 Rxf1+ 50. Kxf1 Bh4 51. Bf2 Bxf2 52.
Kxf2 Qe4 53. Qb3+ Kh7 54. Qf7 Kh6 55. Qf8 Qf4+ 56. Kg1 Qd4+ 57. Kh1 Qe5 58. Qd8
f4 59. Qd2 g5 60. Qc1 Qd6 61. Qe1 Qd5 62. Qf1 Kg6 1/2-1/2

[Event "BL 1112 SF Katernberg - Turm Emsdetten"]
[Site "?"]
[Date "2012.02.05"]
[Round "9.2"]
[White "Bischoff, Klaus"]
[Black "Mchedlishvili, Mikheil"]
[Result "0-1"]
[WhiteElo "2547"]
[BlackElo "2623"]
[PlyCount "58"]
[EventDate "2012.??.??"]

1. Nf3 d5 2. c4 d4 3. d3 Nc6 4. e3 e5 5. exd4 exd4 6. Be2 Nf6 7. O-O Be7 8. b3
O-O 9. Na3 Nb4 10. Ne1 c5 11. Nac2 Nc6 12. f4 Qc7 13. Bf3 Rb8 14. h3 Bd6 15. g4
h5 16. Ng2 hxg4 17. hxg4 g6 18. Rf2 Kg7 19. b4 Nxb4 20. Nxb4 cxb4 21. f5 Rh8
22. Qd2 b5 23. Nf4 Bb7 24. Nd5 Bxd5 25. cxd5 Rbe8 26. Bb2 Bf4 27. Qxb4 Be3 28.
d6 Bxf2+ 29. Kxf2 Qc2+ 0-1

[Event "BL 1112 SF Katernberg - Turm Emsdetten"]
[Site "?"]
[Date "2012.02.05"]
[Round "9.3"]
[White "Grandelius, Nils"]
[Black "Firman, Nazar"]
[Result "1/2-1/2"]
[WhiteElo "2536"]
[BlackElo "2517"]
[PlyCount "82"]
[EventDate "2012.??.??"]

1. c4 c5 2. Nf3 Nc6 3. d4 cxd4 4. Nxd4 Nf6 5. g3 d6 6. Bg2 Bd7 7. O-O a6 8. Nc3
Rc8 9. Bg5 h6 10. Bxf6 gxf6 11. Nxc6 bxc6 12. c5 d5 13. e4 dxe4 14. Bxe4 f5 15.
Qd4 Rg8 16. Bf3 Bg7 17. Qa4 Qc7 18. Rfe1 Kf8 19. Qxa6 Bd4 20. Qe2 Bxc5 21. Rac1
Qa7 22. Kg2 Rg6 23. Rcd1 Be6 24. Rd2 Bd6 25. Qd1 Qb8 26. a3 Bb3 27. Qe2 Kg7 28.
Qd3 Rf6 29. Bd1 Be6 30. Kg1 c5 31. Nd5 Bxd5 32. Qxd5 c4 33. Rc2 Rc5 34. Qd4 f4
35. Kg2 fxg3 36. hxg3 Rg5 37. Qc3 Be5 38. Qe3 Re6 39. Qf3 Rf6 40. Qe3 Bf4 41.
Qc3 Be5 1/2-1/2

[Event "BL 1112 SF Katernberg - Turm Emsdetten"]
[Site "?"]
[Date "2012.02.05"]
[Round "9.4"]
[White "Siebrecht, Sebastian"]
[Black "Hector, Jonny"]
[Result "1/2-1/2"]
[WhiteElo "2471"]
[BlackElo "2575"]
[PlyCount "88"]
[EventDate "2012.??.??"]

1. c4 Nf6 2. Nf3 c6 3. d4 d5 4. e3 Bf5 5. Nc3 e6 6. Nh4 Be4 7. f3 Bg6 8. Qb3
Qb6 9. Nxg6 hxg6 10. Bd2 Nbd7 11. Bd3 Be7 12. O-O Qc7 13. f4 g5 14. Rae1 O-O-O
15. cxd5 exd5 16. Rc1 Kb8 17. a4 Qd6 18. Na2 c5 19. Bf5 gxf4 20. exf4 Ne4 21.
Ba5 b6 22. Be1 Bf6 23. dxc5 Ndxc5 24. Qb5 Bd4+ 25. Kh1 Be3 26. Rd1 Bxf4 27. h3
Qe5 28. Bxe4 Qxe4 29. Rf3 g5 30. Nc3 Qe8 31. Qxe8 Rhxe8 32. g3 Bc7 33. Rxf7 a6
34. Bf2 Ne4 35. Nxe4 Rxe4 36. b3 Re2 37. Kg2 Rb2 38. Rd3 Re8 39. Kf3 Ree2 40.
Bd4 Red2 41. Rc3 Rxd4 42. Rfxc7 Rxb3 43. Rc8+ Kb7 44. R8c7+ Kb8 1/2-1/2

[Event "BL 1112 SF Katernberg - Turm Emsdetten"]
[Site "?"]
[Date "2012.02.05"]
[Round "9.5"]
[White "Brandenburg, Daan"]
[Black "Zaragatski, Ilja"]
[Result "1/2-1/2"]
[WhiteElo "2522"]
[BlackElo "2474"]
[PlyCount "48"]
[EventDate "2012.??.??"]

1. e4 e5 2. Nf3 d6 3. d4 exd4 4. Nxd4 Nf6 5. Nc3 Be7 6. g3 Nc6 7. Bg2 Nxd4 8.
Qxd4 O-O 9. O-O Be6 10. h3 c6 11. Be3 Qc7 12. f4 Rfd8 13. Rad1 d5 14. e5 c5 15.
Qa4 d4 16. exf6 Bxf6 17. Nb5 Qb6 18. Bd2 Bd7 19. Ba5 Qxb5 20. Qxb5 Bxb5 21.
Bxd8 Bxf1 22. Bxf6 Bxg2 23. Bxd4 Bxh3 24. Bxc5 h5 1/2-1/2

[Event "BL 1112 SF Katernberg - Turm Emsdetten"]
[Site "?"]
[Date "2012.02.05"]
[Round "9.6"]
[White "Kotainy, Jens"]
[Black "Pruijssers, Roeland"]
[Result "1-0"]
[WhiteElo "2406"]
[BlackElo "2475"]
[PlyCount "95"]
[EventDate "2012.??.??"]

1. e4 d6 2. f4 c5 3. Nc3 Nf6 4. Nf3 g6 5. Bc4 Bg7 6. O-O O-O 7. d3 Nc6 8. Kh1
Bg4 9. h3 Bxf3 10. Qxf3 Rb8 11. a4 e6 12. Be3 a6 13. e5 Ne8 14. exd6 Nd4 15.
Bxd4 Bxd4 16. Ne4 Nxd6 17. c3 Bg7 18. Nxc5 Qc8 19. Qe3 b6 20. Ne4 Nxc4 21. dxc4
Qxc4 22. Rfd1 b5 23. Nc5 Rbd8 24. axb5 Rxd1+ 25. Rxd1 axb5 26. Nd7 Ra8 27. Ne5
Qb3 28. Qf3 Rc8 29. Rd2 Qa4 30. Nxf7 Rf8 31. Ng5 Qc4 32. Qe2 Qxe2 33. Rxe2 Rxf4
34. Nxe6 Rf1+ 35. Kh2 Bf6 36. g3 Rf5 37. Kg2 Kf7 38. Nf4 h5 39. Re4 Be7 40.
Nxg6 Bd6 41. Nh4 Rc5 42. Nf3 Kf6 43. g4 hxg4 44. hxg4 Kf7 45. Nd4 Rd5 46. Kf3
Be7 47. Rf4+ Kg6 48. Rf5 1-0